Five Most Populous Subdivisions by Country - Statistics

General Stats
  • This quiz has been taken 260 times
    199 since last reset
  • The average score is 37 of 60
Answer Stats
Country Population Subdivision % Correct
United States 39.5 mil California
99%
United States 19.4 mil New York
98%
United States 28.9 mil Texas
98%
United States 21.4 mil Florida
93%
Canada 8.48 mil Québec
92%
Canada 14.5 mil Ontario
91%
Germany 13.1 mil Bavaria
88%
Spain 7.67 mil Catalonia
87%
Canada 4.37 mil Alberta
86%
Canada 5.07 mil British Columbia
85%
United States 12.8 mil Pennsylvania
83%
Australia 8.08 mil New South Wales
81%
Australia 5.09 mil Queensland
81%
Brazil 17.2 mil Rio de Janeiro
81%
Brazil 45.9 mil São Paulo
81%
Australia 2.62 mil Western Australia
81%
Spain 6.66 mil Madrid
80%
Spain 8.41 mil Andalusia
75%
Canada 1.36 mil Manitoba
75%
Australia 1.75 mil South Australia
75%
Australia 6.59 mil Victoria
75%
Germany 17.9 mil North Rhine-Westphalia
71%
France 12.2 mil Île-de-France
70%
China 113 mil Guangdong
68%
Italy 4.96 mil Sicily
68%
India 199 mil Uttar Pradesh
68%
Italy 10.1 mil Lombardy
67%
Germany 11.1 mil Baden-Württemberg
66%
Spain 5.00 mil Valencia
66%
Spain 2.69 mil Galicia
60%
Germany 7.99 mil Lower Saxony
59%
India 91.2 mil West Bengal
59%
Italy 5.86 mil Lazio
58%
Netherlands 2.83 mil North Holland
58%
Netherlands 3.64 mil South Holland
58%
Italy 4.90 mil Veneto
54%
South Africa 7.00 mil Western Cape
54%
Brazil 11.4 mil Paraná
53%
South Africa 6.73 mil Eastern Cape
50%
Germany 6.28 mil Hesse
50%
South Africa 5.85 mil Limpopo
48%
China 83.4 mil Sichuan
48%
Brazil 14.8 mil Bahia
46%
South Africa 11.5 mil KwaZulu-Natal
46%
India 112 mil Maharashtra
45%
Italy 5.78 mil Campania
43%
China 96.0 mil Henan
43%
Brazil 21.1 mil Minas Gerais
43%
Netherlands 1.33 mil Utrecht
43%
France 5.98 mil Nouvelle Aquitaine
42%
China 100 mil Shandong
41%
India 104 mil Bihar
37%
France 5.89 mil Occitanie
37%
France 8.02 mil Auvergne-Rhône-Alpes
36%
South Africa 15.4 mil Guateng
36%
India 72.6 mil Madhya Pradesh
36%
France 5.97 mil Hauts-de-France
32%
China 80.5 mil Jiangsu
32%
Netherlands 2.52 mil North Brabant
29%
Netherlands 2.06 mil Gelderland
21%
No matching quizzes found
Score Distribution
Percent of People with Each Score
Percentile by Number Answered
Your Score History
You have not taken this quiz since the last reset